000 00388nam a2200169Ia 4500
001 736
003 IN-NITTTR
005 20251114232902.0
008 251113s9999||||xx |||||||||||||| ||eng||
040 _beng
040 _cIN-NITTTR
041 _aeng
082 _a604.2 S32G
100 _aSchiffer, G. R.
245 2 _aA guide to engineering drawing. /
_cSchiffer, G. R.
942 _2ddc
_cBK
999 _c463
_d463